Geneva Sub-Divisions (Communes) Quiz - Statistics

General Stats
  • This quiz has been taken 39 times
  • The average score is 23 of 45
Answer Stats
Hint Answer % Correct
C Carouge
88%
M Meyrin
88%
G Geneva
84%
L Lancy
78%
V Vernier
78%
S Satigny
75%
T Thonex
72%
C Chene-Bourg
69%
V Versoix
69%
B Bernex
63%
O Onex
63%
C Cologny
59%
J Jussy
59%
V Veyrier
56%
A Avusy
53%
Le G Le Grand-Saconnex
53%
D Dardagny
50%
G Genthod
50%
P Puplinge
50%
S Soral
50%
V Vandœuvres
50%
A Avully
47%
C Collonge-Bellerive
47%
G Gy
47%
H Hermance
47%
A Anieres
44%
B Bellevue
44%
C Cartigny
44%
C Celigny
44%
L Laconnex
44%
M Meinier
44%
P Plan-les-Ouates
44%
C Chancy
41%
C Confignon
41%
R Russin
41%
A Aire-la-Ville
38%
C Corsier
38%
T Troinex
38%
B Bardonnex
34%
C Choulex
34%
C Collex-Bossy
31%
P Pregny-Chambesy
31%
P Presinge
31%
P Perly-Certoux
28%
C Chene-Bourgeries
16%
No matching quizzes found
Score Distribution
Percent of People with Each Score
Percentile by Number Answered
Your Score History
You have not taken this quiz